00674nam a2200193Ia 450000500170000000800410001702000180005804000180007604100080009408200220010210000190012424501420014325000120028526000460029730000290034365000510037265000400042365000170046320230707105301.0210716s2013 xx 000 0 und d a9788126540167 cAIMIT LIBRARY aeng a004.606 21bBURP aBurke, Pariah. aE publishing with in design CS6 : bdesign and produce digital publications for tablets ereaders smartphones and more /cBy Pariah Burke. a1st ed. aNew Delhi :bWiley India Pvt Ltd ,c2013. axxvii,548p. ;bPBc23 cm aCreating PDF publications for digital delivery aCreating basic ebooksFine turnninhg aFine tuning